000 00209 a2200097 4500
020 _a9780545206952
041 _aeng
100 _aTarshis, Lauren
245 _aI Survived The Shark Attacks of 1916
942 _cBK
999 _c31695
_d31693